*O mundo colorido de Van Gogh (Record no. 12673)

MARC details
000 -LÍDER
campo de controle de tamanho fixo 00367 a2200157 4500
001 - NÚMERO DE CONTROLE
campo de controle 12673
020 ## - ISBN - INTERNATIONAL STANDARD BOOK NUMBER
ISBN - International Standard Book Number 9788502091979
040 ## - FONTE DA CATALOGAÇÃO
Instituição que transcreveu o registro Anchieta - Aquarius
100 ## - ENTRADA PRINCIPAL--NOME PESSOAL
Nome pessoal Clark, Julie Aigner
240 10 - TÍTULO UNIFORME
Título uniforme *O mundo colorido de Van Gogh
Idioma da obra por
245 10 - TÍTULO
Título *O mundo colorido de Van Gogh
300 ## - DESCRIÇÃO FÍSICA
Extensão 10
362 0# - DATAS DE PUBLICAÇÃO E/OU DESIGNAÇÃO SEQUENCIAL
Datas de publicação e/ou designação sequencial 2011
650 #4 - ASSUNTO--TERMO TÓPICO
Cabeçalho tópico ou nome geográfico Literatura infantil
942 ## - ELEMENTOS DE ENTRADA ADICIONADOS (KOHA)
Tipo de material Koha Livros
Holdings
Situação do descarte Situação das perdas Situação física Não pode ser emprestado Biblioteca de origem Biblioteca atual Data de aquisição Total de empréstimos Número de chamada completo Código de barras Data de último acesso Data do preço efetivo Tipo de material Koha Data do último empréstimo
        Colégio Anchieta - Aquarius Colégio Anchieta - Aquarius 21/11/2023   LI 028.5 CLA OMU 3932/AQU 21/11/2023 21/11/2023 Livros  
        Colégio Anchieta - Bela Vista Colégio Anchieta - Bela Vista 21/11/2023   LI 028.5 C593o CLA OMU 906/BEL 21/11/2023 21/11/2023 Livros  
        Colégio Anchieta - Bela Vista Colégio Anchieta - Bela Vista 21/11/2023   LI 028.5 C593o CLA OMU 907/BEL 21/11/2023 21/11/2023 Livros  
        Colégio São Paulo Colégio São Paulo 21/11/2023   LI 028.5 CLA MUN 4770/ITA 21/11/2023 21/11/2023 Livros  
        Colégio São Paulo Colégio São Paulo 21/11/2023   LI 028.5 CLA MUN 4771/ITA 21/11/2023 21/11/2023 Livros  
        Colégio Anchieta - Aquarius Inspira 21/11/2023 1 LI 028.5 CLA OMU 3933/AQU 21/11/2023 21/11/2023 Livros 21/11/2023